00642nam a2200181 i 450000100060000000300090000600500170001500700030003200800410003510000420007624500830011825000120020126000340021330000420024785200320028999900170032195201220033832890ES-MaACL20230906154645.0t|030131s1969 sp ||||1| spa d1 aBernaldo de Quirós, Antonio.92821410aCálculo rápido de muelles y resortes / cpor Antonio Bernaldo de Quirós. a1ª ed. aBarcelona : bLabor, c[1969] a235 p. : b1 gráf. pleg. ; c23 cm. aES-MaACLjC-46788 bR.70875 c32890d32890 00104070aATENEOMbATENEOMcDEPO2d2008-01-17eSCl0oC-46788p1034148r2023-02-23 00:00:00w2023-02-23yMONOGRAFIA